000 00348nam a22000977a 4500
100 _aतिवारी,प्रहलाद
_968699
245 _aस्‍वामी रामकृष्‍ण परमहंस
260 _aदिल्‍ली
_bमदनलाल एंड संस
_c2018
650 _aजीवनी
_97943
942 _cHIN
999 _c63909
_d63909